000
00244nam a2200097Ia 4500
001
843592
005
20250826173244.0
008
250824s9999 xx 000 0 und d
245
0
_a
EZOP MASALLARI
_c
ERDAL ÇAKICIOĞLU
260
_b
AKVARYUM YAYINLARI
999
_c
843592
_d
843592